000 00239nam a22001097a 4500
999 _c260968
_d260967
020 _a05590439421
100 _aSuzy Kline
245 _aHorrible Harry in Room 2B
260 _aNew York
_bScholastic
_c1988
300 _a56 pgs
942 _cBK